| 000 | 00851nam a2200169 a 4500 | ||
|---|---|---|---|
| 008 | 220302s2017 ||||||||||||||||| || u | ||
| 050 | _aCBU-PG THESIS/KAL | ||
| 100 | _aKalasa, Stella Chileshe | ||
| 245 | 1 | 3 |
_aAn investigation of relationship between Investment Strategies and Financial Portfolio Performance of Social Security Institutions: Case of Workers' Compensation Fund Control Board _cBy Stella Chileshe Kalasa |
| 260 |
_aKitwe _bCopperbelt University _c2017 |
||
| 300 | _axiii, 98 pages : illustrations | ||
| 650 | _aINVESTMENT STRATEGIES - ZAMBIA | ||
| 650 | _aFINANCIAL PORTIFOLIO | ||
| 650 | _aSOCIAL SECURITY INSTITUTIONS - ZAMBIA | ||
| 650 | _aWORKERS COMPESATION FUND CONTROL BOARD - ZAMBIA | ||
| 995 |
_FCBU-MAIN LIBRARY (Kitwe) _M1 _UAVAILABLE _WJun 21, 2022 _ZUniversity Collection |
||
| 999 |
_c48236 _d48236 |
||